| 000 | 00362nam a2200145Ia 4500 | ||
|---|---|---|---|
| 008 | 240624s9999 xx 000 0 und d | ||
| 041 | _aeng | ||
| 082 | _a658.4012 COL | ||
| 100 | _aCOLLIS DAVID J | ||
| 245 | _aCORPORATE STRATEGY A RESOURCE BASED APPR | ||
| 250 | _a(2nd ed.) | ||
| 260 |
_c2004 _bMcGraw-Hill/Irwin |
||
| 300 | _a256 , p. | ||
| 365 |
_cRS _b27.5 |
||
| 999 |
_c29829 _d29829 |
||